| 000 | 01170 a2200205 4500 | ||
|---|---|---|---|
| 003 | Nust | ||
| 005 | 20220818082134.0 | ||
| 010 | _a 2001089224 | ||
| 020 | _a8178088959 | ||
| 040 | _cNust | ||
| 082 | 0 | 0 | _a005.133,PRA |
| 100 | 1 | _aPrata, Stephen. | |
| 245 | 1 | 0 |
_aC++ primer plus / _cStephen Prata. |
| 250 | _a4th ed. | ||
| 260 |
_aIndianapolis, Ind. : _bSams, _cc2002. |
||
| 300 |
_axxi, 1098 p. : _bill. ; _c24 cm. |
||
| 505 | _aGetting Started (Page-1), Setting out to C++ (Page-19), Dealing with Data (Page-53), Compound Types (Page-96), Loops and Relational Expressions (Page-155), Branching Statements and Logical Operators (Page-207), Functions- C++,s Programming Modules (Page-243), Adventures in Functions (Page-299), Memory Models and Namespaces (Page-347), Objects and Classes (Page-393), Working with Classes (Page-441), Classes and Dynamic Memory Allocation (Page-503), Class Inheritance (Page-567), Reusing Code in C++ (Page-633), Friends, Exceptions, and More (Page-713), The String Class and the Standard Template Library (Page-779), Input, Output and Files (Page-863). | ||
| 650 | 0 | _aC++ (Computer program language) | |
| 942 |
_2ddc _cBK _k005.133,PRA |
||
| 999 |
_c193419 _d193419 |
||